Entry Personal Name
Number of records used in: 1
001 - CONTROL NUMBER
003 - CONTROL NUMBER IDENTIFIER
005 - DATE AND TIME OF LATEST TRANSACTION
- control field:
20211125102740.0
008 - FIXED-LENGTH DATA ELEMENTS
- fixed length control field:
090102n| acannaabn |n aaa
010 ## - LIBRARY OF CONGRESS CONTROL NUMBER
- LC control number:
n 2008210276
040 ## - CATALOGING SOURCE
- Original cataloging agency:
DLC
- Language of cataloging:
eng
- Transcribing agency:
DLC
100 1# - HEADING--PERSONAL NAME
- Personal name:
Mall, I. D.
670 ## - SOURCE DATA FOUND
- Source citation:
Mall, I. D. Petrochemical process technology, 2007:
- Information found:
t.p. (I.D. Mall) p. 4 of cover (prof., Dept. of Chemical Tech., Indian Inst. of Tech., Roorkee; Ph. D. fr. Banaras Hindu U.)